Pays d'immigrés d'Espagne - Statistiques

Statistiques générales
  • Ce quiz a été pris 438 fois
  • Le résultat moyen est 9 sur 20
Statistiques - réponses
Classement Pays % Correct
1 Maroc
96%
16 Argentine
71%
4 Colombie
66%
11 Brésil
60%
7 Venezuela
60%
6 Pérou
58%
8 Chine
52%
5 Bolivie
49%
3 Équateur
48%
12 Paraguay
44%
17 Cuba
43%
19 Inde
43%
20 Russie
37%
13 Honduras
36%
14 République dominicaine
32%
2 Roumanie
32%
9 Pakistan
31%
10 Ukraine
29%
18 Philippines
23%
15 Bangladesh
18%
Aucun quiz correspondant
Distribution des résultats
% des personnes avec chaque résultat
Percentile par nombre de réponses
Votre historique - résultats
Vous n’avez pas pris ce quiz